000
00201 a2200097 4500
001
2845
100
_a
Snell, FJ
245
_a
Age of transition
260
_a
_b
G bell and sons
_c
090
_c
2140
_d
2140
942
_a
NUST-CAE
_c
M
_c
12670
999
_c
237918
_d
237918